Greek Gods and Goddesses of... - Statistics

General Stats
  • This quiz has been taken 24 times
  • The average score is 21 of 45
Answer Stats
God/Goddess of... % Correct
Aphrodite Love
95%
Poseidon The sea
95%
Ares War
95%
Artemis The hunt
86%
Hades The underworld
86%
Dionysus Wine
86%
Aphrodite Beauty
81%
Athena Wisdom
81%
Apollo Music / the arts
76%
Zeus Thunder
76%
Hypnos Sleep
71%
Zeus The sky
71%
Hestia Hearth
62%
Hepaestus Fire
52%
Hera Marriage
52%
Hepaestus Metalworking
52%
Iris The rainbow
52%
Aphrodite Desire
48%
Dionysus Festivity
48%
Nike Victory
48%
Demeter Agriculture
43%
Hermes Boundaries
43%
Demeter Fertility
38%
Hestia Home
38%
Poseidon Horses
38%
Hades The dead
38%
Artemis Animals
33%
Hera Childbirth
33%
Hepaestus Crafts
33%
Demeter Harvest
33%
Hera Women
33%
Apollo Archery
29%
Poseidon Earthquakes
29%
Ares Bloodshed
24%
Dionysus Madness
24%
Athena Strategy / skill
24%
Ares Violence
24%
Hades Wealth
24%
Hestia Chastity
19%
Zeus Order
19%
Artemis Wilderness
19%
Apollo Prophecy
14%
Hermes Thieves
14%
Hermes Communication
10%
Athena Just warfare
10%
No matching quizzes found
Score Distribution
Percent of People with Each Score
Percentile by Number Answered
Your Score History
You have not taken this quiz